000
00330nam a2200133Ia 4500
008
231129s9999||||xx |||||||||||||| ||spa||
020
_a
958-9018-17-3
040
_b
spa
082
_a
923.137 N142s
100
_a
Saint-Ibars Latour
245
0
_a
Neron
264
_a
Cinco
942
_2
ddc
_c
BKS
999
_c
21649
_d
21649